000 00524nam a2200217Ia 4500
003 OSt
005 20230406102736.0
008 210423s2010 xx 000 0 und d
020 _a9788126912940
040 _cAL
041 _aeng
082 _a809.93592 LERL
100 _aLERNER (Laurence).
_984075
245 _aPhilip Larkin.
250 _a2
260 _aNew Delhi
_bAtlantic Publishers and Distributors
_c2010
300 _axi,60
_bPB
365 _b150
_cINR
906 _alarkin. ; Philip
942 _2ddc
_cBK
999 _c158213
_d158213